Normal view MARC view

Entry Personal Name

Number of records used in: 8

001 - CONTROL NUMBER

  • control field: 43299

003 - CONTROL NUMBER IDENTIFIER

  • control field: dpl

005 - DATE AND TIME OF LATEST TRANSACTION

  • control field: 20120302105006.0

008 - FIXED-LENGTH DATA ELEMENTS

  • fixed length control field: 120302|||a|||||| | ||| d

040 ## - CATALOGING SOURCE

  • Original cataloging agency: dpl
  • Transcribing agency: dpl

100 ## - HEADING--PERSONAL NAME

  • Personal name: Frost, Raymond
  • Dates associated with a name: 1960-

670 ## - SOURCE DATA FOUND

  • Source citation: Work cat.: (dpl): Strauss, Judy 43267, E-marketing / , 2012

670 ## - SOURCE DATA FOUND

  • Source citation: Work cat.: (dpl): Strauss, Judy 43267, E-marketing / , 2012

© Delhi Public Library
Hit Counter
free hit counter